How to win friends and influence people in the digital age /

Bibliographic Details
Main Author: Cole, Brent
Corporate Author: Dale Carnegie & Associates
Format: Book
Published: New York: Simon & Schuster, 2011.
Edition:1st Simon & Schuster hardcover ed.
Subjects:
LEADER 00808cam a2200253 7i4500
001 0000038660
005 20151104090000.0
005 ##20151104145800.0
003 ##MY-KlINT
020 # # |a 9780857207289: RM68.50  
039 # 9 |y 201511041458  |z VLOAD 
040 # # |a LCC 
090 0 0 |a 158.2   |b HOW 
100 1 # |a Cole, Brent 
245 0 0 |a How to win friends and influence people in the digital age /   |c Dale Carnegie & Associates, Inc. ; with Brent Cole. 
250 # # |a 1st Simon & Schuster hardcover ed. 
260 # # |a New York:   |b Simon & Schuster,   |c 2011. 
300 # # |a xxii, 245 p;   |c 23cm. 
504 # # |a Includes bibliographical references 
650 # 0 |a Influence (Psychology)  
650 # 0 |a Interpersonal relations  
650 # 0 |a Interpersonal communication  
700 0 # |a Cole, Brent  
710 0 # |a Dale Carnegie & Associates